Tous les pokémon de Peter - Statistiques

Statistiques générales
  • Ce quiz a été pris 71 fois
  • Le résultat moyen est 11 sur 14
Statistiques - réponses
Hint Réponse % Correct
Draco
98%
Dracolosse
98%
Rouge & Bleu & Jaune Léviator
98%
Ptéra
94%
Or & Argent & Cristal Dracaufeu
90%
Heartgold & Soulsilver Drattak
86%
Noir2 & Blanc2 Tranchodon
84%
Carchacrok
78%
Rouge Feu & Vert Feuille Hyporoi
76%
Trioxhydre
69%
Libégon
67%
Altaria
65%
Noadkoko d'Alola
43%
Let's Go Pikachu & Evoli Hypocéan
37%
Aucun quiz correspondant
Distribution des résultats
% des personnes avec chaque résultat
Percentile par nombre de réponses
Votre historique - résultats
Vous n’avez pas pris ce quiz